00314nam a2200133Ia 4500008004100000020001500041041001200056082001600068100001200084245002600096260003600122300000800158650001400166221030s9999 xx 000 0 und d a8178840251 aEnglish a105.23bBah aR. Bahl 0aExploring Access 2002 bCyber Tech PubaNew Delhic2001 a220 aComputers